000 00437nam a22001817a 4500
003 MPLRDC
005 20220104143428.0
008 210129b ||||| |||| 00| 0 eng d
082 _a857.621 NK-12 v.8 c.2
100 _a倪匡
245 _a天敌
_c
250 _a初版
260 _a
_b利文出版社
_c1989
300 _b
490 _a奇情科幻小说系列
650 _a科幻小说
942 _cBK
_o857.621 NK-12 v.8 c.2
999 _c39811
_d39801